[Event "HUN-chT2 Szechenyi 2324"]
[Site "Hungary"]
[Date "2023.10.08"]
[Round "1.11"]
[White "Csiszar, Albert"]
[Black "Mayer, Gabor"]
[Result "1-0"]
[WhiteElo "1826"]
[BlackElo "1644"]
[PlyCount "58"]
[EventDate "2023.10.08"]
[EventType "team-tourn"]
[EventRounds "9"]
[EventCountry "HUN"]
[SourceTitle "EXT 2025"]
[Source "ChessBase"]
[SourceDate "2024.10.14"]
[SourceVersion "1"]
[SourceVersionDate "2024.10.14"]
[SourceQuality "1"]
[WhiteTeam "Csuti Baki Agrocentrum"]
[BlackTeam "Keszthely Spartacus"]
[WhiteTeamCountry "HUN"]
[BlackTeamCountry "HUN"]

1. d4 d5 2. Bg5 Nf6 3. e3 e6 4. Bd3 Be7 5. Nd2 h6 6. Bh4 b6 7. c3 c5 8. f4 cxd4 9. exd4 0-0 10. Ngf3 Ba6 11. Bxa6 Nxa6 12. Qe2 Nc7 13. Ne5 Qd6 14. 0-0 Nd7 15. Bxe7 Qxe7 16. Nxd7 Qxd7 17. Qh5 f5 18. Rf3 Qf7 19. Qh3 Ne8 20. Rg3 Kh7 21. Nf3 Qf6 22. Re1 Kg8 23. Qh5 Kh7 24. Ng5+ Kg8 25. Rxe6 hxg5 26. Rxf6 Rxf6 27. Re3 Nd6 28. fxg5 g6 29. Qf3 Ne4 1-0